000 00772nam a22002297a 4500
999 _c343
_d343
003 AR-CdUCM
008 190223b ||||| |||| 00| 0 spa d
020 _a8470760211
040 _aMUNICIPALIDAD PROVINCIAL DEL CUSCO
_cBIBLIOTECA MUNICIPAL DEL CUSCO
082 _a858.8 /
_bSA164
100 _aSalgari, Emilio
_9800
245 _aLos dos Rivales /
260 _aMadrid :
_bGahe,
_c1975.
300 _a166 paginas ;
_b8 Ilustraciones.
_c20 cm.
505 _aSeñales misteriosas -- El ciclón -- La desaparición de la bayadera -- La torre de Barrekporre -- La traición de los "thugs"...
650 _aCombate
_91267
650 _aEstranguladores
_91398
650 _aSanguinarios
_91399
650 _aArmas
_91400
942 _2ddc
_cLIBROS
945 _awnts
_d2019-02-23